| 000 | 00358nam a2200145Ia 4500 | ||
|---|---|---|---|
| 003 | OSt | ||
| 008 | 191201s1997 xx 000 0 und d | ||
| 082 |
_a621.3815 _bRAI |
||
| 100 | _aRAMAMOORTY, M. | ||
| 245 | 3 | _aAn Introduction to Thyristors and Their Applications | |
| 260 |
_aN. delhi _bEWP _c1997 |
||
| 300 | _a328 | ||
| 650 | _aB.Tech(ECE) | ||
| 942 |
_2ddc _cBK |
||
| 999 |
_c441 _d441 |
||